| 000 | 00730cab a2200205 4500 | ||
|---|---|---|---|
| 001 | ##ABS61072 | ||
| 008 | 090401t1999 xxu||||| |||| 00| 0 eng d | ||
| 035 | _a(Sirsi) u67 | ||
| 041 | 0 | _aeng | |
| 100 | 1 | _aCavill, N. | |
| 245 | 0 | 0 | _aTimber's back. |
| 260 | _c1999 | ||
| 350 | _a0 | ||
| 490 | 0 |
_aBuilding _v264(8099) 6 August 1999, 20-21(2) |
|
| 520 | _aConsiders the upturn in the market for timber-framed housing. A damning documentary made in 1983 caused the market to crash, however the numbers of timber-framed houses is set to rise considerably, according to NHBC figures. | ||
| 651 | 4 |
_aUnited Kingdom _y |
|
| 690 | _aBUILT ENVIRONMENT-BUILDING MATERIALS-TIMBER-TIMBER AND WOOD | ||
| 942 |
_n0 _2ddc |
||
| 948 | _c31/08/1999 | ||
| 999 |
_c26 _d26 |
||